[Event "ROM-ch U18"]
[Site "Calimanesti"]
[Date "2015.03.31"]
[Round "2"]
[White "David, Alexandru Vasile"]
[Black "Gheorghe, Darius Daniel"]
[Result "1-0"]
[WhiteElo "2221"]
[BlackElo "2052"]
[PlyCount "53"]
[EventDate "2015.03.30"]
[EventType "swiss"]
[EventRounds "9"]
[EventCountry "ROU"]
[SourceTitle "CBM 165 Extra"]
[Source "ChessBase"]
[SourceDate "2015.04.21"]
[SourceVersion "1"]
[SourceVersionDate "2015.04.21"]
[SourceQuality "1"]

1. d4 Nf6 2. c4 g6 3. Nc3 Bg7 4. e4 d6 5. f4 0-0 6. Nf3 Na6 7. Bd3 Nd7 8. Be3 e5 9. fxe5 dxe5 10. d5 Ndc5 11. 0-0 f5 12. exf5 gxf5 13. Bc2 Qe7 14. a3 f4 15. Bxc5 Nxc5 16. Ne4 Bf5 17. Qe2 Bxe4 18. Bxe4 Nb3 19. Rae1 Qc5+ 20. Kh1 Rae8 21. Qc2 Nd4 22. Bxh7+ Kh8 23. Qd3 b5 24. Nxd4 exd4 25. Qh3 Be5 26. Bf5+ Kg7 27. Qh7+ 1-0

[Event "ROM-ch U18"]
[Site "Calimanesti"]
[Date "2015.03.30"]
[Round "1"]
[White "Gheorghe, Darius Daniel"]
[Black "Oprita, George"]
[Result "1-0"]
[WhiteElo "2052"]
[BlackElo "1718"]
[PlyCount "99"]
[EventDate "2015.03.30"]
[EventType "swiss"]
[EventRounds "9"]
[EventCountry "ROU"]
[SourceTitle "CBM 165 Extra"]
[Source "ChessBase"]
[SourceDate "2015.04.21"]
[SourceVersion "1"]
[SourceVersionDate "2015.04.21"]
[SourceQuality "1"]

1. e4 d5 2. exd5 Qxd5 3. Nc3 Qa5 4. Bc4 Nf6 5. d3 c6 6. Bd2 Qc7 7. Qe2 e6 8. Nf3 Bd6 9. Ne4 Nbd7 10. Nxd6+ Qxd6 11. 0-0 0-0 12. Rfe1 b5 13. Bb3 Bb7 14. Ne5 Qxe5 15. Qxe5 Nxe5 16. Rxe5 h6 17. f4 Nd7 18. Re2 Nc5 19. Bb4 Nxb3 20. axb3 Rfe8 21. Kf2 a6 22. Rae1 Rec8 23. Bc5 Rc7 24. g4 f5 25. gxf5 exf5 26. Re7 Rxe7 27. Rxe7 Bc8 28. b4 Rb8 29. c3 Kh7 30. Bd4 Rb7 31. Re8 Bd7 32. Ra8 g5 33. Rxa6 Kg6 34. Ra8 Be6 35. Be5 g4 36. Ra6 Bd7 37. d4 Kf7 38. d5 cxd5 39. Rf6+ Ke7 40. Rxh6 Ra7 41. Bd6+ Ke8 42. Rf6 Kd8 43. Rf8+ Be8 44. Rxf5 Ra2 45. Rxd5 Rxb2+ 46. Kg3 Bd7 47. f5 Rc2 48. Rc5 Rd2 49. Bf4 Rd3+ 50. Kxg4 1-0

[Event "ROM-ch U12"]
[Site "Voineasa"]
[Date "2010.04.12"]
[Round "7"]
[White "Toma, Radu Cristian"]
[Black "Gheorghe, Darius Daniel"]
[Result "1-0"]
[WhiteElo "2047"]
[BlackElo "1821"]
[PlyCount "59"]
[EventDate "2010.04.08"]
[EventType "swiss"]
[EventRounds "9"]
[EventCountry "ROU"]
[SourceTitle "EXT 2020"]
[Source "ChessBase"]
[SourceDate "2019.10.17"]
[SourceVersion "1"]
[SourceVersionDate "2019.10.17"]
[SourceQuality "1"]

1. d4 Nf6 2. Nf3 e6 3. e3 d5 4. Bd3 Bd6 5. Nbd2 Nbd7 6. 0-0 0-0 7. c3 b6 8. Qc2 Bb7 9. e4 dxe4 10. Nxe4 Nxe4 11. Bxe4 Bxe4 12. Qxe4 c5 13. Qc2 Qc7 14. h3 Rfd8 15. dxc5 Bxc5 16. Qa4 Ne5 17. Ng5 Nd3 18. Qe4 h6 19. Qh7+ Kf8 20. Qh8+ Ke7 21. Qxg7 hxg5 22. Bxg5+ Kd6 23. b4 Rg8 24. bxc5+ Qxc5 25. Qh7 Nxf2 26. Bf4+ e5 27. Bxe5+ Qxe5 28. Rxf2 Qxc3 29. Rd1+ Ke5 30. Qf5# 1-0

[Event "ROM-ch U10 Boys"]
[Site "Voineasa"]
[Date "2008.04.13"]
[Round "2"]
[White "Macovei, Andrei"]
[Black "Gheorghe, Darius Daniel"]
[Result "0-1"]
[WhiteElo "467"]
[BlackElo "693"]
[PlyCount "68"]
[EventDate "2008.04.08"]
[EventType "swiss"]
[EventRounds "9"]
[EventCountry "ROU"]
[SourceTitle "EXT 2013"]
[Source "ChessBase"]
[SourceDate "2012.11.22"]
[SourceVersion "1"]
[SourceVersionDate "2012.11.22"]
[SourceQuality "1"]

1. d4 Nf6 2. c4 e6 3. Nc3 Bb4 4. Bd2 b6 5. e3 Bb7 6. Nf3 d6 7. Qa4+ Nc6 8. d5 exd5 9. cxd5 Bxc3 10. dxc6 Bxd2+ 11. Nxd2 Bc8 12. Be2 a5 13. b4 0-0 14. 0-0 Be6 15. a3 Nd5 16. bxa5 Nc3 17. Qc2 Nxe2+ 18. Kh1 Qf6 19. Ne4 Qe5 20. f3 d5 21. Nf2 Nc3 22. Nd3 Qf6 23. e4 Nb5 24. Qb3 dxe4 25. Qxb5 Rxa5 26. Qb1 exd3 27. Qxd3 Rd8 28. Qe3 Rd6 29. Qe4 Qe5 30. Qh4 h6 31. Rfe1 Qc5 32. Rec1 Rxa3 33. Rxa3 Qxc1+ 34. Qe1 Qxe1# 0-1

[Event "ROM-ch U10 Boys"]
[Site "Voineasa"]
[Date "2008.04.12"]
[Round "1"]
[White "Gheorghe, Darius Daniel"]
[Black "Pancu, Veniamin Mihai"]
[Result "1-0"]
[WhiteElo "693"]
[BlackElo "404"]
[PlyCount "77"]
[EventDate "2008.04.08"]
[EventType "swiss"]
[EventRounds "9"]
[EventCountry "ROU"]
[SourceTitle "EXT 2013"]
[Source "ChessBase"]
[SourceDate "2012.11.22"]
[SourceVersion "1"]
[SourceVersionDate "2012.11.22"]
[SourceQuality "1"]

1. e4 e5 2. d4 d5 3. dxe5 dxe4 4. Qxd8+ Kxd8 5. Bc4 Nh6 6. Bxh6 gxh6 7. Bxf7 Nc6 8. e6 Ne5 9. Nc3 Nxf7 10. exf7 Bf5 11. 0-0-0+ Ke7 12. Nge2 Kxf7 13. Ng3 Bg4 14. Rd2 Bb4 15. Ngxe4 Bxc3 16. Nxc3 Rad8 17. f3 Rxd2 18. Kxd2 Bf5 19. Re1 Rd8+ 20. Kc1 Kg6 21. Ne4 Bxe4 22. Rxe4 h5 23. Re7 Rc8 24. Kd2 Rd8+ 25. Ke2 Rc8 26. Kf2 Kf6 27. Rxh7 Kg6 28. Rd7 b6 29. Kg3 Kg5 30. Rd5+ Kh6 31. Kh4 Rg8 32. Rxh5+ Kg7 33. Rg5+ Kh7 34. Rxg8 Kxg8 35. Kg5 Kf7 36. h4 c5 37. h5 Kg7 38. h6+ Kh7 39. f4 1-0